<?xml version="1.0" encoding="UTF-8"?>
<marc:record xmlns:marc="http://www.loc.gov/MARC21/slim">
   <marc:leader>00000nam a2200000 a 4500</marc:leader>
   <marc:datafield ind1="0" ind2="0" tag="245">
      <marc:subfield code="a">Liliane Susewind - Ein tierisches Abenteuer</marc:subfield>
   </marc:datafield>
   <marc:datafield ind1="0" ind2="0" tag="245">
      <marc:subfield code="b">das Originalhörspiel zum Kinofilm</marc:subfield>
   </marc:datafield>
   <marc:datafield ind1=" " ind2="1" tag="264">
      <marc:subfield code="a">Berlin</marc:subfield>
      <marc:subfield code="b">Argon Verlag</marc:subfield>
      <marc:subfield code="c">2018</marc:subfield>
   </marc:datafield>
   <marc:datafield ind1="1" ind2=" " tag="520">
      <marc:subfield code="a">Jetzt gibt es Liliane Susewind endlich auch als großen Kinofilm! Die überaus erfolgreiche Reihe, die dieses Jahr ihr 10-jähriges Jubiläum gefeiert hat, ist aus den Kinderzimmern von Mädchen und Jungen im Grundschulalter nicht mehr wegzudenken – und nun können sie sich auch die Originalgeschichte des Films mit allen bekannten Stimmen nach Hause holen! Das großartig umgesetzte Hörspiel mit Musik und vielen Bildern aus dem Film im Booklet: ein Muss für alle Lilli-Fans!Das große Hörspiel mit den Originalstimmen aus dem Kinofilm!</marc:subfield>
   </marc:datafield>
   <marc:datafield ind1="2" ind2=" " tag="024">
      <marc:subfield code="a">9783839841716</marc:subfield>
   </marc:datafield>
   <marc:datafield ind1=" " ind2=" " tag="041">
      <marc:subfield code="a">ger</marc:subfield>
   </marc:datafield>
   <marc:datafield ind1="1" ind2=" " tag="521">
      <marc:subfield code="a">0</marc:subfield>
   </marc:datafield>
</marc:record>
